Ekonomické aspekty racionalizácie a odmeňovania práce
Gespeichert in:
| 1. Verfasser: | |
|---|---|
| Format: | Buch |
| Sprache: | Slowakisch |
| Veröffentlicht: |
Bratislava
Práca
1969
|
| Schriftenreihe: | Knižnica ekonomiky práce
zv. 2/1969 |
| Tags: |
Keine Tags, Fügen Sie das erste Tag hinzu!
|
MARC
| LEADER | 00000nam a2200000 4500 | ||
|---|---|---|---|
| 001 | c131426 | ||
| 005 | 20050301104126.4 | ||
| 041 | 0 | |a slo | |
| 044 | |a SK | ||
| 245 | 1 | 0 | |a Ekonomické aspekty racionalizácie a odmeňovania práce |c Miroslav Tomaščín |
| 264 | 1 | |a Bratislava |b Práca |c 1969 | |
| 300 | |a 171 s. | ||
| 490 | 1 | |a Knižnica ekonomiky práce |v zv. 2/1969 | |
| 830 | 0 | |a Knižnica ekonomiky práce |v zv. 2/1969 | |
| 100 | 1 | |a Tomaščín, Miroslav | |